<?xml version="1.0" encoding="UTF-8"?>
<record
    xmlns:xsi="http://www.w3.org/2001/XMLSchema-instance"
    xsi:schemaLocation="http://www.loc.gov/MARC21/slim http://www.loc.gov/standards/marcxml/schema/MARC21slim.xsd"
    xmlns="http://www.loc.gov/MARC21/slim">

  <leader>03545nab a2200361   4500</leader>
  <controlfield tag="003">BR-BrBNA</controlfield>
  <controlfield tag="005">20250918095052.0</controlfield>
  <controlfield tag="008">250918b2024    bl.ar|pooa||| 00| 0 eng |</controlfield>
  <datafield tag="040" ind1=" " ind2=" ">
    <subfield code="a">BR-BrBNA</subfield>
    <subfield code="b">por</subfield>
  </datafield>
  <datafield tag="072" ind1=" " ind2=" ">
    <subfield code="a">F01 ; F04 ; F06 ; F62 ; P10</subfield>
    <subfield code="b">1126</subfield>
  </datafield>
  <datafield tag="100" ind1=" " ind2=" ">
    <subfield code="a">Lima, Lenilson Wisner Ferreira </subfield>
  </datafield>
  <datafield tag="100" ind1=" " ind2=" ">
    <subfield code="a">Coelho, Eug&#xEA;nio Ferreira </subfield>
  </datafield>
  <datafield tag="100" ind1=" " ind2=" ">
    <subfield code="a">Reinhardt, Domingo Haroldo Rudolfo C. </subfield>
  </datafield>
  <datafield tag="100" ind1=" " ind2=" ">
    <subfield code="a">Junghans, Davi Theodoro </subfield>
  </datafield>
  <datafield tag="100" ind1=" " ind2=" ">
    <subfield code="a">Vellame, Lucas de Melo </subfield>
  </datafield>
  <datafield tag="100" ind1=" " ind2=" ">
    <subfield code="a">Barros, Damiana Lima </subfield>
  </datafield>
  <datafield tag="245" ind1=" " ind2=" ">
    <subfield code="a">Pineapple root growth and distribution with the use of plastic mulch and percolation barrier</subfield>
  </datafield>
  <datafield tag="500" ind1=" " ind2=" ">
    <subfield code="a">Summaries (En, Pt); 30 ref.; 6 illus.; 6 tables</subfield>
  </datafield>
  <datafield tag="520" ind1=" " ind2=" ">
    <subfield code="a">Abstract &#x2013; The objective of this work was to evaluate the effect of the use of plastic mulch and percolation barrier on the growth and distribution of pineapple roots. The BRS Imperial cultivar was cultivated using plastic as mulching material and a percolation barrier. The evaluated variables were: relative and absolute root growth rates, root length distribution, and root length density. The use of plastic mulch resulted in a greater accumulation of root dry matter, with or without the percolation barrier. Under drip irrigation, mulching promoted a greater root development. The highest root growth rate occurred from 360 to 450 days after planting. The amount of roots was from 64.1 to 66.7% on the stem, and from 34 to 36% distributed in the 0.10 and 0.20 m soil layer. Black plastic, as mulch or a percolation barrier, contributes to increase the root development of 'BRS Imperial' pineapple under drip irrigation. Index terms: Ananas comosus, mulching, soil cover, water use efficiency.</subfield>
  </datafield>
  <datafield tag="520" ind1=" " ind2=" ">
    <subfield code="a">Resumo &#x2013; O objetivo deste trabalho foi avaliar o efeito do uso de cobertura pl&#xE1;stica e barreira de percola&#xE7;&#xE3;o no crescimento e na distribui&#xE7;&#xE3;o de ra&#xED;zes de abacaxizeiro. A cultivar BRS Imperial de abacaxizeiro foi cultivada com uso de pl&#xE1;stico como cobertura do solo e como impedimento &#xE0; percola&#xE7;&#xE3;o. As vari&#xE1;veis avaliadas foram: taxas de crescimento radicular relativo e absoluto, distribui&#xE7;&#xE3;o do comprimento das ra&#xED;zes e densidade do comprimento radicular. O uso do pl&#xE1;stico como cobertura do solo resultou em maior ac&#xFA;mulo de mat&#xE9;ria seca das ra&#xED;zes, com ou sem impedimento de percola&#xE7;&#xE3;o. Sob irriga&#xE7;&#xE3;o por gotejamento, o uso do pl&#xE1;stico como cobertura do solo promoveu maior desenvolvimento das raizes. A maior taxa de crescimento radicular ocorreu dos 360 aos 450 dias ap&#xF3;s o plantio. A quantidade de ra&#xED;zes
foi de 64,1 a 66,7% no caule, e de 34 a 36% distribu&#xED;das na camada de 0,10 a 0,20 m do solo. O pl&#xE1;stico preto, tanto como cobertura do solo quanto como impedimento de percola&#xE7;&#xE3;o, contribui para aumentar o desenvolvimento radicular do abacaxizeiro 'BRS Imperial' sob irriga&#xE7;&#xE3;o por gotejamento. Termos para indexa&#xE7;&#xE3;o: Ananas comosus, mulching, cobertura do solo, efici&#xEA;ncia do uso da &#xE1;gua. </subfield>
  </datafield>
  <datafield tag="650" ind1=" " ind2=" ">
    <subfield code="a">ABACAXIZEIRO</subfield>
  </datafield>
  <datafield tag="650" ind1=" " ind2=" ">
    <subfield code="a">ANANAS COMOSUS</subfield>
  </datafield>
  <datafield tag="650" ind1=" " ind2=" ">
    <subfield code="a">MULCHING</subfield>
  </datafield>
  <datafield tag="650" ind1=" " ind2=" ">
    <subfield code="a">COBERTURA DO SOLO</subfield>
  </datafield>
  <datafield tag="650" ind1=" " ind2=" ">
    <subfield code="a">IRRIGA&#xC7;&#xC3;O POR GOTEJAMENTO</subfield>
  </datafield>
  <datafield tag="650" ind1=" " ind2=" ">
    <subfield code="a">MANEJO DA &#xC1;GUA</subfield>
  </datafield>
  <datafield tag="650" ind1=" " ind2=" ">
    <subfield code="a">RAIZ </subfield>
  </datafield>
  <datafield tag="650" ind1=" " ind2=" ">
    <subfield code="a">CRESCIMENTO</subfield>
  </datafield>
  <datafield tag="773" ind1="0" ind2=" ">
    <subfield code="0">920</subfield>
    <subfield code="9">357578</subfield>
    <subfield code="d">Bras&#xED;lia-DF Empresa Brasileira de Pesquisa Agropecu&#xE1;ria - EMBRAPA 1966-</subfield>
    <subfield code="o">2025-5543</subfield>
    <subfield code="t">Pesquisa Agropecu&#xE1;ria Brasileira (Brazil)</subfield>
    <subfield code="x">0100-204X</subfield>
    <subfield code="g">v. 59 p. 1-11; (2024)</subfield>
    <subfield code="w">BR2025002459</subfield>
  </datafield>
  <datafield tag="856" ind1=" " ind2=" ">
    <subfield code="u">https://www.scielo.br/j/pab/a/bB8G8NXKCxYhnfY5nmRJjkp/?format=pdf&amp;lang=en</subfield>
  </datafield>
  <datafield tag="942" ind1=" " ind2=" ">
    <subfield code="c">ANA</subfield>
  </datafield>
  <datafield tag="999" ind1=" " ind2=" ">
    <subfield code="c">338244</subfield>
    <subfield code="d">338244</subfield>
  </datafield>
</record>
